Para comprender la eclesiología desde América Latina
Uloženo v:
| Hlavní autor: | |
|---|---|
| Médium: | Kniha |
| Jazyk: | španělština |
| Vydáno: |
Pamplona
Verbo Divino
1990
|
| Témata: | |
| Tagy: |
Přidat tag
Žádné tagy, Buďte první, kdo vytvoří štítek k tomuto záznamu!
|
MARC
| LEADER | 00000nam a2200000 a 4500 | ||
|---|---|---|---|
| 001 | UCP3596 | ||
| 003 | CL-VaPUC | ||
| 008 | 990625e19900000SP |||||||||||||||||spa|d | ||
| 082 | 0 | 4 | |a 262 |b COD |2 21 |
| 100 | 0 | |a Codina, Víctor |e author |9 430949 | |
| 245 | 1 | 0 | |a Para comprender la eclesiología desde América Latina |
| 300 | |a 132 p | ||
| 942 | |c BK | ||
| 945 | |d 19990625 00:00:00 |a rbrito | ||
| 260 | |a Pamplona |b Verbo Divino |c 1990 | ||
| 650 | 0 | |a Eclesiología |9 366152 | |
| 650 | 0 | |a Antiguo testamento |9 313678 | |
| 650 | 0 | |a Nuevo testamento |9 257604 | |
| 650 | 0 | |a Teología de la liberación |9 255471 | |
| 650 | 0 | |a Cristianismo |9 257361 | |
| 583 | |a last modification |c 20130402 06:09:43 |k Rodrigo Vera | ||
| 999 | |c 281862 |d 281860 | ||
| 952 | |0 0 |1 0 |4 0 |6 262_000000000000000_COD_1990 |7 0 |8 A |9 322909 |a BIBTEO |b BIBTEO |d 2019-11-20 |i 3522172 |o 262 COD 1990 |p 3522172 |r 2025-01-17 |w 2019-11-20 |y BK |k ICR | ||